000 00472nss a2200181 a 4500
003 AR-X00000XY
005 20251128212014.0
008 117020s1964 ||||||||||||||000 | spa||
040 _cAR-X00000XY
245 1 0 _aLes lettres nouvelles
_becrivains hongrois d'aujourd'hui
260 _aParis
_c1964
_bEditions René Julliard
300 0 _a317 p.
310 _aMensual
655 _aLITERATURA
700 1 _aNadeau, Maurice
_edirector
942 _cCR
998 _cmartin
999 _c22033
_d22033